Statistics for Name all the cards in the Pokemon TCG Sun & Moon Expansion

Click here to take the quiz!

General Stats

  • This quiz has been taken 33 times
  • The average score is 46 of 162

Answer Stats

TypeRarityAnswer% Correct
CommonRowlet
83%
UncommonDartrix
78%
Rare Non-HoloDecidueye
78%
CommonLitten
74%
CommonPopplio
70%
Rare Non-HoloIncineroar
70%
UncommonTorracat
70%
UncommonBrionne
65%
Rare Non-HoloPrimarina
61%
Ultra RareDecidueye GX
57%
CommonFomantis
57%
Ultra RareIncineroar GX
57%
Ultra RarePrimarina GX
52%
Rare HoloShiinotic
52%
CommonCosmog
48%
Ultra RareLunala GX
48%
Rare HoloTsareena
48%
Ultra RareSolgaleo GX
48%
CommonYungoos
48%
UncommonSteenee
48%
CommonGrubbin
48%
CommonBounsweet
48%
CommonDewpider
43%
SupporterHau
43%
Rare Non-HoloCosmoem
43%
Rare HoloDragonite
43%
Ultra RareLapras GX
43%
DragonCommonDratini
43%
CommoMorelull
43%
UncommonDragonair
43%
Ultra RareLurantis GX
43%
Poke Ball
39%
UncommonTrumbeak
39%
CommonTogedemaru
39%
Ultra RareGumshoos GX
39%
Rare HoloArcanine
39%
Ultra RareEspeon GX
39%
CommonPikipek
39%
Rare HoloRibombee
39%
UncommonCharjabug
39%
FireCommonGrowlithe
39%
Ultra Ball
39%
Ultra RareUmbreon GX
39%
Rare HoloVikavolt
39%
UncommonMetapod
35%
Lillie
35%
Rare Non-HoloToucannon
35%
Rare HoloAlolan Muk
35%
CommonAlolan Grimer
35%
GrassCommonCaterpie
35%
CommonShellder
35%
CommonPoliwag
35%
Rare Non-HoloButterfree
35%
CommonParas
35%
Rare Non-HoloParasect
35%
Rare HoloPoliwrath
35%
UncommonAraquanid
35%
UncommonWishiwashi
35%
Rare Non-HoloCloyster
35%
UncommonPoliwhirl
35%
CommonTorkoal
35%
WaterCommonPsyduck
35%
Rare Non-HoloGolduck
35%
SupporterProfessor Kukui
30%
UncommonPinsir
30%
CommonCutiefly
30%
DarknessCommonAlolan Rattata
30%
Ultra RareTauros GX
30%
CommonEevee
30%
Rare HoloOranguru
30%
LightningCommonChinchou
30%
Rare Non-HoloLanturn
30%
UncommonPassimian
30%
Rare Non-HoloBruxish
30%
PsychicLunala GX FA
30%
CommonCrabrawler
26%
ItemNest Ball
26%
MetalSolgaleo GX FA
26%
Rare Non-HoloBewear
26%
Great Ball
26%
CommonDrowzee
26%
UncommonHypno
26%
Illima
26%
UncommonAlolan Raticate
26%
UncommonGranbull
26%
CommonRoggenrola
26%
CommonAlolan Meowth
26%
Rare HoloGigalith
26%
UncommonBoldore
26%
ColorlessGumshoos GX FA
22%
SupporterTeam Skull Grunt
22%
UncommonPyukumuku
22%
CommonStufful
22%
UncommonAlolan Persian
22%
Rotom Dex
22%
CommonSandile
22%
WaterLapras GX FA
22%
Rare HoloToxapex
22%
UncommonKrokorok
22%
PsychicLunala GX SR
22%
CommonSandygast
22%
Rare HoloKrookodile
22%
GrassUltra Rare FALurantis GX FA
22%
ColorlessGumshoos GX SR
17%
Potion
17%
ColorlessTauros GX SR
17%
PsychicEspeon GX FA
17%
MetalSolgaleo GX SR
17%
WaterLapras GX SR
17%
Rare HoloSharpedo
17%
Rare Non-HoloStoutland
17%
Rare HoloAlolan Dugtrio
17%
PsychicCommonZubat
17%
UncommonGolbat
17%
Rare HoloCrobat
17%
FightingCommonMakuhita
17%
UncommonHerdier
17%
Rare Non-HoloHariyama
17%
UncommonPelipper
17%
Rare Non-HoloPalossand
17%
CommonWingull
17%
MetalCommonAlolan Diglett
17%
FairyCommonSnubbull
17%
Rare HoloKangaskhan
17%
CommonLillipup
17%
Rare Non-HoloCrabominable
17%
ColourlessCommonSpearow
13%
GrassSecret RareLurantis GX SR
13%
CommonSkarmory
13%
DarknessUmbreon GX FA
13%
Ultra Ball SR
13%
CommonMareanie
13%
Energy Retrieval
13%
Energy Switch
13%
EnergyDouble Colorless Energy
13%
CommonSurskit
13%
UncommonCorsola
13%
PsychicEspeon GX SR
13%
CommonCarvanha
13%
CommonFearow
13%
UncommonSpinda
13%
Rare Non-HoloMasquerain
9%
EnergyPsychic Energy SR
9%
DarknessUmbreon GX SR
9%
Rainbow Energy
9%
Metal Energy SR
9%
ItemRare Candy
9%
Crushing Hammer
9%
Exp. Share
9%
Poison Barb
9%
Pokemon Catcher
9%
Switch
9%
ItemTimer Ball
9%
SupporterIllima FA
9%
Repel
4%
Professor Kukui FA
4%
ItemNest Ball SR
4%
Rotom Dex SR
4%
Switch SR
4%
Team Skull Grunt FA
4%
ItemUncommonBig Masalada
0%
Lillie FA
0%

Score Distribution

Percentile by Number Answered

Percent of People with Each Score

Your Score History

You have not taken this quiz